000 00767nam a2200217 a 4500
001 BRCA_2258
005 20190320203732.0
008 830707s1982 mx-a---##b---f000-0#spa-#
020 _a9685802696
040 _aDLC
_cDLC
_dDLC
050 4 _aNA5253
_b.D52 1982
100 1 _aDíaz, Marco
_94470
245 1 0 _aLa arquitectura de los jesuitas en Nueva España
_blas instituciones de apoyo, colegios y templos
_cMarco Díaz.
260 _aMéxico
_bUNAM, Instituto de Investigaciones Estéticas
_c1982
300 _a289 p.
_bil. (algunas a color)
_c28 cm.
504 _aBibliografía : p. 277-289
650 1 4 _aArquitectura jesuita
_ySiglos XVI y XVII
_zMéxico
_96779
650 1 4 _aArquitectura
_zMéxico
_9596
653 0 _aOrdenes religiosas en México
942 _2lcc
_cB
999 _c2007
_d2007